|
|
|
|
| LEADER |
00000cam a2200000 7i4500 |
| 001 |
0000164365 |
| 005 |
20120611.0 |
| 020 |
|
|
|a 9789670335162
|
| 090 |
0 |
0 |
|a 915.95
|b KEM
|
| 245 |
0 |
0 |
|a Selangor Darul Ehsan
|c penyusun, Afzan Ayub
|
| 260 |
|
|
|a Kuala Lumpur :
|b Penerbit Sinar Cemerlang ,
|c 2012
|
| 300 |
|
|
|a 44p. ;
|c 26cm.
|
| 490 |
0 |
|
|a Kembara peta geografi dan sejarah
|
| 650 |
0 |
0 |
|a Malaysia
|x Description and travel
|
| 650 |
0 |
0 |
|a Recreation areas
|z Malaysia
|
| 700 |
1 |
|
|a Afzan Ayub
|
| 999 |
|
|
|a 00259841
|b BUKU
|c MALAYSIANA
|e PERPUSTAKAAN KOMUNITI PETALING JAYA
|
| 999 |
|
|
|a 00259842
|b BUKU
|c MALAYSIANA
|e PERPUSTAKAAN KOMUNITI PETALING JAYA
|
| 999 |
|
|
|a 00259843
|b BUKU
|c MALAYSIANA
|e PERPUSTAKAAN KOMUNITI CAW KOTA DAMANSARA
|
| 999 |
|
|
|a 00280846
|b ENSIKLOPEDIA KANAK-KANAK
|c MALAYSIANA
|e PERPUSTAKAAN KOMUNITI CAW TAMAN MEDAN
|